| 000 | 00500nam a2200193 a 4500 | ||
|---|---|---|---|
| 001 | 14033 | ||
| 003 | CO-ViMGA | ||
| 008 | 141112s2004 ck r 000 u spa d | ||
| 020 | _a8479022264 | ||
| 040 |
_aCO-ViMGA _bspa _cCO-ViMGA |
||
| 082 | 0 | 4 | _a796 P147 |
| 100 | 1 |
_aPaish, Wilf _920500 |
|
| 245 | 1 | 0 | _aManual de las ciencias del deporte |
| 260 |
_aMadrid : _bTutor, _c1999 |
||
| 300 | _a238 | ||
| 590 | _aForma de adquisición : Compra | ||
| 650 | 1 | 4 |
_aDEPORTES - MANUALES _920501 |
| 942 |
_2ddc _cBK |
||
| 999 |
_c24734 _d24734 |
||